000 01762cam a2200421 a 4500
001 12004066
003 OSt
005 20140310184355.0
008 000511s2001 nyua b 000 0ceng
010 _a 00041003
020 _a9780590480260
040 _aDLC
_cDLC
_dDLC
042 _alcac
043 _an-us---
050 0 0 _aE 185.96
_b.H775 2003
100 1 _aHudson, Wade.
_924425
245 1 0 _aFive bold freedom fighters /
_cby Wade Hudson ; illustrations by Ron Garnett.
260 _aNew York :
_bScholastic,
_c2003
300 _a48 p. :
_bill. (some col.) ;
_c23 cm.
440 0 _aGreat Black heroes
_924426
440 0 _aHello reader! ;
_vlevel 4
_925548
521 _aG6
526 _c810
562 _e1
650 0 _aAfrican American civil rights workers
_vBiography
_vJuvenile literature.
_925549
650 0 _aAfrican American political activists
_vBiography
_vJuvenile literature.
_925550
650 0 _aHeroes
_zUnited States
_vBiography
_vJuvenile literature.
_925551
650 0 _aAfrican Americans
_xCivil rights
_xHistory
_vJuvenile literature.
_925552
650 1 _aAfrican Americans
_vBiography.
_925553
650 1 _aCivil rights workers.
_924204
650 1 _aPolitical activists.
_925554
700 1 _aGarnett, Ron,
_eill.
_925555
856 4 2 _3Publisher description
_uhttp://www.loc.gov/catdir/description/schol051/00041003.html
906 _a7
_bcbc
_corignew
_d1
_eocip
_f20
_gy-gencatlg
942 _2lcc
_cBK-SCHOLAS
999 _c34005
_d34005